Development of the economic theory in the context of economic integration and globalization – presentation of research results
Gespeichert in:
| 1. Verfasser: | |
|---|---|
| Weitere Verfasser: | , , , |
| Format: | Buchkapitel |
| Sprache: | Englisch |
| Schlagworte: | |
| Tags: |
Keine Tags, Fügen Sie das erste Tag hinzu!
|
MARC
| LEADER | 00000nla$a2200000$$$4500 | ||
|---|---|---|---|
| 001 | 0149000 | ||
| 005 | 20220725091903.0 | ||
| 041 | 0 | |a eng | |
| 044 | |a DE | ||
| 245 | 1 | 0 | |a Development of the economic theory in the context of economic integration and globalization – presentation of research results |c Jiří Kraft, Jiří Fárek, Pavla Bednářová, Iva Nedomlelová, Marek Skála |
| 610 | 2 | 0 | |a teórie ekonomické |
| 610 | 2 | 0 | |a globalizácia |
| 610 | 2 | 0 | |a Európska únia |
| 610 | 2 | 0 | |a Japonsko |
| 610 | 2 | 0 | |a integrácia ekonomická medzinárodná |
| 100 | 1 | |a Kraft, Jiří | |
| 700 | 1 | |a Fárek, Jiří | |
| 700 | 1 | |a Bednářová, Pavla | |
| 700 | 1 | |a Nedomlelová, Iva | |
| 700 | 1 | |a Skála, Marek | |